000 00498cam a2200205ua 4500
001 7529
005 20260515114226.0
008 141212n ii |||gr||||Z||||||ben
040 _cMAIN
041 _aben
082 _a891.442
100 _aTagore, R.,
_eAuthor.
245 1 _aChandalika
_cBy Rabindranath Tagore
250 _a1st.
260 _aKolkatta:
_bBiswabharati,
_c1973.
300 _a46p.
653 _aEast Indo-European & Celtic literatures
653 _aBengali drama
942 _cBK
999 _c6647
_d6647